| 000 | 00363nam a22001457a 4500 | ||
|---|---|---|---|
| 005 | 20260330112134.0 | ||
| 008 | 260330b |||||||| |||| 00| 0 eng d | ||
| 020 | _a0761930140 | ||
| 050 |
_aHD 58.7 _b.M36 |
||
| 100 | _aKIDWELL ROLAND E. | ||
| 245 | _aMANAGING ORGANIZATION DEVIANCE | ||
| 260 |
_aAMERICA _bSAGE PUBLICATIONS _c2005 |
||
| 300 | _a357p. | ||
| 942 | _cBK | ||
| 999 |
_c4627 _d4627 |
||